[Event "Bad Wiessee Seniors op"]
[Site "Bad Wiessee"]
[Date "2012.04.23"]
[Round "3"]
[White "Schmitt, Gerhard"]
[Black "Thieme, Wolfgang"]
[Result "0-1"]
[WhiteElo "1393"]
[BlackElo "1801"]
[PlyCount "56"]
[EventDate "2012.04.21"]
[EventType "swiss"]
[EventRounds "9"]
[EventCountry "GER"]
[SourceTitle "EXT 2015"]
[Source "ChessBase"]
[SourceDate "2014.11.20"]
[SourceVersion "1"]
[SourceVersionDate "2014.11.20"]
[SourceQuality "1"]

1. e4 c5 2. Nc3 Nc6 3. Bc4 e6 4. Nge2 Nf6 5. d3 a6 6. a3 d5 7. exd5 exd5 8. Bb3 Be7 9. Bf4 0-0 10. Qd2 b5 11. 0-0-0 Be6 12. h3 Qb6 13. Ba2 a5 14. a4 b4 15. Nb5 Na7 16. Nxa7 Rxa7 17. b3 d4 18. g4 Nd5 19. Bg3 Nc3 20. Nxc3 bxc3 21. Qe2 Bd5 22. Rhg1 Qb4 23. Rdf1 Qa3+ 24. Kd1 Qxa2 25. Ke1 Bg5 26. f4 Re7 27. fxg5 Rxe2+ 28. Kxe2 Qxc2+ 0-1

[Event "Bayern-ch Seniors 23rd"]
[Site "Bergen"]
[Date "2011.06.05"]
[Round "9"]
[White "Schmitt, Gerhard"]
[Black "Mahrla, Hans"]
[Result "1/2-1/2"]
[WhiteElo "1321"]
[BlackElo "1620"]
[PlyCount "81"]
[EventDate "2011.05.28"]
[EventType "swiss"]
[EventRounds "9"]
[EventCountry "GER"]
[SourceTitle "EXT 2012"]
[Source "ChessBase"]
[SourceDate "2011.11.24"]
[SourceVersion "1"]
[SourceVersionDate "2011.11.24"]
[SourceQuality "1"]

1. e4 e6 2. f4 d5 3. e5 c5 4. Nf3 Nc6 5. Bb5 Bd7 6. Bxc6 Bxc6 7. d4 Ne7 8. c3 cxd4 9. cxd4 Nf5 10. 0-0 Be7 11. Nc3 Qb6 12. Kh1 0-0 13. Rg1 g6 14. g4 Ng7 15. Rg3 f5 16. g5 Rac8 17. Qg1 Bb4 18. Bd2 Nh5 19. Rh3 Be8 20. Rb1 Bf7 21. a3 Bxc3 22. bxc3 Qa6 23. Ra1 Rc4 24. Ne1 Rfc8 25. Nd3 b6 26. Nb4 Qb7 27. Qf2 a5 28. Nd3 Be8 29. Nb2 R4c7 30. Re1 Qc6 31. Nd1 Qa4 32. Bc1 Qb3 33. Rf3 Ba4 34. Qb2 b5 35. Qxb3 Bxb3 36. Nf2 Rc4 37. Kg2 b4 38. axb4 axb4 39. cxb4 Rxb4 40. Ba3 Rbb8 41. Rb1 1/2-1/2

[Event "Bayern-ch Seniors 23rd"]
[Site "Bergen"]
[Date "2011.06.02"]
[Round "6"]
[White "Sandner, Josef"]
[Black "Schmitt, Gerhard"]
[Result "0-1"]
[WhiteElo "1462"]
[BlackElo "1321"]
[PlyCount "88"]
[EventDate "2011.05.28"]
[EventType "swiss"]
[EventRounds "9"]
[EventCountry "GER"]
[SourceTitle "EXT 2012"]
[Source "ChessBase"]
[SourceDate "2011.11.24"]
[SourceVersion "1"]
[SourceVersionDate "2011.11.24"]
[SourceQuality "1"]

1. d4 d5 2. e3 Nf6 3. f4 Bf5 4. Nf3 Ne4 5. Be2 Nc6 6. c3 a6 7. 0-0 h6 8. Ne5 Nxe5 9. fxe5 e6 10. Nd2 Be7 11. Nxe4 dxe4 12. Bd2 c6 13. Be1 Bg5 14. Bf2 Qc7 15. h4 Be7 16. g4 Bh7 17. Bg3 f6 18. Qe1 f5 19. Qf2 0-0-0 20. Bc4 Qd7 21. Qe2 Rdf8 22. a4 fxg4 23. Rxf8+ Bxf8 24. Qxg4 Bf5 25. Qe2 g5 26. h5 Rg8 27. Kh2 g4 28. b4 Rg5 29. b5 Rxh5+ 30. Kg2 a5 31. bxc6 Qxc6 32. Qf1 Be7 33. Bb5 Qd5 34. c4 Qd8 35. Rc1 Rh3 36. Qf2 h5 37. Rh1 Qg8 38. Rxh3 gxh3+ 39. Kh2 Qg4 40. d5 h4 41. Bf4 Qf3 42. Qg1 Bg4 43. d6 Qe2+ 44. Kh1 Bf3+ 0-1

[Event "Bayern-ch Seniors 23rd"]
[Site "Bergen"]
[Date "2011.06.01"]
[Round "5"]
[White "Schmitt, Gerhard"]
[Black "Malik, Rosemarie"]
[Result "1-0"]
[WhiteElo "1321"]
[BlackElo "1328"]
[PlyCount "130"]
[EventDate "2011.05.28"]
[EventType "swiss"]
[EventRounds "9"]
[EventCountry "GER"]
[SourceTitle "EXT 2012"]
[Source "ChessBase"]
[SourceDate "2011.11.24"]
[SourceVersion "1"]
[SourceVersionDate "2011.11.24"]
[SourceQuality "1"]

1. d4 d5 2. Nf3 Nf6 3. e3 e6 4. b3 Be7 5. Bb2 0-0 6. Nbd2 Nbd7 7. Rc1 c6 8. Bd3 h6 9. 0-0 Re8 10. h3 b6 11. c3 a5 12. Kh1 Ba6 13. Bxa6 Rxa6 14. Qc2 b5 15. Rg1 Qa8 16. Rce1 Qb7 17. Bc1 Rc8 18. e4 dxe4 19. Nxe4 Nxe4 20. Rxe4 Nf6 21. Rh4 Nd5 22. Bg5 Bxg5 23. Nxg5 Nf6 24. Ne4 Nxe4 25. Qxe4 Qe7 26. g3 Qf6 27. Rf4 Qd8 28. h4 Qd5 29. f3 Qxe4 30. fxe4 Rd8 31. g4 Ra7 32. g5 hxg5 33. hxg5 g6 34. e5 Kg7 35. Kg2 Rh8 36. Kg3 Raa8 37. Rc1 Rh5 38. c4 Rah8 39. Kf3 Rh2 40. Rg4 Rxa2 41. cxb5 cxb5 42. Rc5 b4 43. d5 exd5 44. Rxd5 Rc8 45. Rgd4 Rcc2 46. Rd7 Rf2+ 47. Ke4 Rae2+ 48. Kd5 Rf5 49. Re4 Rd2+ 50. Rd4 Rxd4+ 51. Kxd4 Kf8 52. Ra7 Rxg5 53. Rxa5 Rg4+ 54. Kc5 Re4 55. Kd5 Re3 56. Ra8+ Kg7 57. Kd6 Rxb3 58. Ra7 Re3 59. Rb7 b3 60. Kd5 g5 61. Kd4 Re1 62. Rxb3 Kg6 63. Rb6+ Kg7 64. Rf6 Rd1+ 65. Ke4 Rd4+ 1-0